Porovnanie technologických možností stroja SPSI 2/25 CNC s obrábacími sústružníckymi CNC strojmi zrovnateľných parametrov : Diplomová práca

Gespeichert in:
Bibliographische Detailangaben
1. Verfasser: Čakloš, Miroslav (Verfasst von)
Weitere Verfasser: Potocký, Ján (xxx)
Format: Manuskript Buch
Sprache:Slowakisch
Veröffentlicht: Trnava : SVŠT v Bratislave StF KOOS, 1990
Schlagworte:
Tags: Tag hinzufügen
Keine Tags, Fügen Sie das erste Tag hinzu!

MARC

LEADER 00000ntm a22000003a 4500
001 stu86081
005 20160719162655.8
008 040422s1990----xo------------------slo-d
040 |a STU  |b slo 
041 0 |a slo 
044 |a xo 
100 1 |a Čakloš, Miroslav  |4 aut 
245 1 |a Porovnanie technologických možností stroja SPSI 2/25 CNC s obrábacími sústružníckymi CNC strojmi zrovnateľných parametrov :  |b Diplomová práca 
260 |a Trnava :  |b SVŠT v Bratislave StF KOOS,  |c 1990 
300 |a 85 s 
650 7 |a Strojárska technológia-obrábanie  |2 stusub 
700 1 |a Potocký, Ján  |4 xxx 
996 |b 284M054292  |c M*DP-2244  |l MMSKP  |s P  |a 0  |w stu86081_0001